Rapport sur les travaux de l'ecole francaise a amathonte de Chypre en 1993 /

محفوظ في:

المؤلف الرئيسي: Hermary, Antoine (مؤلف)

مؤلفون آخرون: Schmid, M.

التنسيق: كتاب

اللغة: French

منشور في: Athens : Ecole Francaise d'Athens, 1993.

الموضوعات:

الوسوم: إضافة وسم

لا توجد وسوم, كن أول من يضع وسما على هذه التسجيلة!

رقم الطلب: ( P )DF10 .B9 v.117

LEADER 00944nam a22002417a 4500
003 OSt
005 20260121074202.0
008 130303s1993 gr a 000 0 fre d
040 |a ARCE Library 
043 |a a-cy--- 
050 4 |a ( P )DF10 .B9 v.117  
100 1 |a Hermary, Antoine,  |e author  |9 31951 
245 1 0 |a Rapport sur les travaux de l'ecole francaise a amathonte de Chypre en 1993 /  |c A. Hermary et M. Schmid.  
246 3 |a Chronique des fouilles et découvertes archéologiques à Chypre en 1993 / Dimos Christou. 
264 1 |a Athens :  |b Ecole Francaise d'Athens,  |c 1993. 
300 |a 683-755 pages :  |b illsturations ;  |c 24 cm. 
500 |a Chronique des fouilles et découvertes archéologiques à Chypre en 1993 / Dimos Christou. pp.719-755. 
500 |a Extrait du Bulletin de Correspondance Hellenique, v.117, 1993. 
651 0 |a Cyprus  |v Antiquites 
700 1 |a Schmid, M. 
901 |a reviewed 
942 |c BK  |2 lcc 
999 |c 29782  |d 29782